000 00336nam a2200133Ia 4500
008 151001s9999||||xx |||||||||||||| ||und||
100 _aना ह आपटे
245 _aआपण आहोत माणस
250 _a1
260 _bआपटे आणि मंडळीÇ
260 _c1961
300 _a141
365 _b7
999 _c952984
_d952981